The Long End of First World War- Ruptures, Continuities and Memories (USA)
| Autor principal: | |
|---|---|
| Formato: | Desconhecido |
| Publicado em: |
Campus
2018
|
| LEADER | 00235 a2200085 4500 | ||
|---|---|---|---|
| 020 | |a 9783593508627 | ||
| 100 | |a Katrin Bromer | ||
| 245 | |a The Long End of First World War- Ruptures, Continuities and Memories (USA) | ||
| 260 | |b Campus |c 2018 | ||
| 999 | |c 40759 |d 40759 | ||